[Event "España tch - División de Honor 2012"]
[Site "Leon ESP"]
[Date "2012.11.11"]
[Round "7.43"]
[White "Fier, Alexandr"]
[Black "Torrecillas Martinez, Antonio"]
[Result "1-0"]
[WhiteElo "2567"]
[BlackElo "2406"]
[PlyCount "73"]
[EventDate "2012.11.05"]
[EventType "team"]
[EventRounds "7"]
[EventCountry "ESP"]
[Source "lmi"]
[SourceDate "2012.11.05"]
[WhiteTeam "Equigoma Caja Social Catolica"]
[BlackTeam "C.E. Foment Martinenc"]

1. e4 c5 2. Nf3 d6 3. d4 cxd4 4. Nxd4 Nf6 5. Nc3 Nc6 6. Bg5 Bd7 7. Qd2 Rc8 8.
Be2 Nxd4 9. Qxd4 Qa5 10. Bd2 a6 11. O-O Qc5 12. Qd3 g6 13. Be3 Qc7 14. a4 Bg7
15. a5 O-O 16. Rfc1 Be6 17. Nd5 Bxd5 18. exd5 Nd7 19. c3 Ne5 20. Qe4 f5 21. Qb4
h6 22. f4 Ng4 23. Bb6 Qd7 24. Bd1 Qe8 25. Ba4 Qf7 26. Bd7 Qxd5 27. Re1 Rc4 28.
Qb3 e5 29. Ra4 Nf6 30. Qxc4 Qxc4 31. Rxc4 Nxd7 32. Rc7 Rf7 33. Rxb7 exf4 34.
Re8+ Bf8 35. Ra8 Nxb6 36. Rxf8+ Rxf8 37. axb6 1-0

[Event "España tch - División de Honor 2012"]
[Site "Leon ESP"]
[Date "2012.11.11"]
[Round "7.44"]
[White "L'Ami, Alina"]
[Black "Castellanos Rodriguez, Renier"]
[Result "0-1"]
[WhiteElo "2381"]
[BlackElo "2515"]
[PlyCount "98"]
[EventDate "2012.11.05"]
[EventType "team"]
[EventRounds "7"]
[EventCountry "ESP"]
[Source "lmi"]
[SourceDate "2012.11.05"]
[WhiteTeam "C.E. Foment Martinenc"]
[BlackTeam "Equigoma Caja Social Catolica"]

1. d4 Nf6 2. c4 e6 3. Nc3 c5 4. d5 exd5 5. cxd5 d6 6. e4 g6 7. f4 Bg7 8. Bb5+
Nfd7 9. Nf3 O-O 10. O-O a6 11. Bd3 b5 12. Kh1 Nb6 13. f5 N8d7 14. Bg5 f6 15.
Be3 Re8 16. fxg6 hxg6 17. e5 Nxe5 18. Nxe5 Rxe5 19. Bxg6 Rxe3 20. Ne4 Rxe4 21.
Bxe4 Nd7 22. Qh5 Ne5 23. Rf4 Ra7 24. g4 Rf7 25. g5 f5 26. Raf1 Qe7 27. g6 Rf6
28. Qh7+ Kf8 29. Bxf5 Bxf5 30. Rxf5 Ng4 31. Rxf6+ Nxf6 32. Qh4 Qe5 33. Kg1 Kg8
34. Qh3 Qxd5 35. Qc8+ Bf8 36. Rf5 Qd4+ 37. Kf1 Qd3+ 38. Kg1 Qb1+ 39. Kg2 Qxb2+
40. Rf2 Qe5 41. h4 Kg7 42. Rf5 Qe4+ 43. Rf3 Be7 44. Qh3 Ng4 45. h5 Bf6 46. Kg1
Bd4+ 47. Kg2 Kh6 48. Kg3 Be5+ 49. Kg2 Qe2+ 0-1

[Event "España tch - División de Honor 2012"]
[Site "Leon ESP"]
[Date "2012.11.11"]
[Round "7.45"]
[White "Alvarez Marquez, Johann"]
[Black "Granados Gomez, Manuel"]
[Result "1/2-1/2"]
[WhiteElo "2407"]
[BlackElo "2374"]
[PlyCount "71"]
[EventDate "2012.11.05"]
[EventType "team"]
[EventRounds "7"]
[EventCountry "ESP"]
[Source "lmi"]
[SourceDate "2012.11.05"]
[WhiteTeam "Equigoma Caja Social Catolica"]
[BlackTeam "C.E. Foment Martinenc"]

1. d4 d5 2. c4 c6 3. Nf3 Nf6 4. Nc3 dxc4 5. a4 Bf5 6. e3 e6 7. Bxc4 Bb4 8. O-O
O-O 9. Qe2 Ne4 10. Bd3 Bxc3 11. Bxe4 Bb4 12. Bc2 Bxc2 13. Qxc2 c5 14. dxc5 Qe7
15. Bd2 Bxc5 16. Rfc1 Na6 17. Qe4 Bd6 18. Rc4 Rac8 19. Rac1 Rxc4 20. Rxc4 Rd8
21. g3 Nc5 22. Qc2 Nd7 23. Ba5 Nb6 24. Rc3 g6 25. Qb3 Bc7 26. Nd4 Rd5 27. Nb5
Be5 28. Rc1 Nxa4 29. Qxa4 Qd7 30. Bc3 Qxb5 31. Qxa7 Bxc3 32. bxc3 Qb2 33. Qa8+
Kg7 34. Qa1 Rd2 35. Qxb2 Rxb2 36. Rd1 1/2-1/2

[Event "España tch - División de Honor 2012"]
[Site "Leon ESP"]
[Date "2012.11.11"]
[Round "7.46"]
[White "Sanchez Ibern, Marc"]
[Black "Hernando Pertierra, Jose Carlos"]
[Result "1-0"]
[WhiteElo "2332"]
[BlackElo "2375"]
[PlyCount "79"]
[EventDate "2012.11.05"]
[EventType "team"]
[EventRounds "7"]
[EventCountry "ESP"]
[Source "lmi"]
[SourceDate "2012.11.05"]
[WhiteTeam "C.E. Foment Martinenc"]
[BlackTeam "Equigoma Caja Social Catolica"]

1. e4 g6 2. d4 Bg7 3. Nc3 c6 4. Nf3 d5 5. h3 Nh6 6. Bf4 f6 7. exd5 cxd5 8. Nb5
O-O 9. c4 Na6 10. Nc3 g5 11. Bh2 e6 12. Be2 Nb4 13. O-O Nc6 14. Re1 Nf5 15. Nb5
Rf7 16. Bd3 a6 17. cxd5 exd5 18. Bxf5 Bxf5 19. Nd6 Bg6 20. Nxf7 Bxf7 21. Rc1
Qd7 22. a3 h5 23. Qd3 Bh6 24. Rc2 Kh8 25. Rce2 Rg8 26. Nd2 Bg6 27. Qe3 Kh7 28.
Qe6 Qg7 29. Qxd5 Rd8 30. Qc5 Rxd4 31. Re7 Rxd2 32. Rxg7+ Bxg7 33. Qb6 Rd7 34.
h4 gxh4 35. Bf4 h3 36. gxh3 Nd4 37. Kg2 Bf7 38. Re3 Bd5+ 39. Kh2 f5 40. Kg3 1-0